| 000 | 00502nam a2200193 a 4500 | ||
|---|---|---|---|
| 005 | 20140310183439.0 | ||
| 008 | 080521s19uu xx 00 eng d | ||
| 020 | _a1841123099 | ||
| 050 |
_aHD 8036 _b.T356 2002 |
||
| 100 | _aTemplar, Richard | ||
| 245 | _aFree agency. / | ||
| 260 |
_aUnited Kingdom : _bCapstone Publishing, _c2002. |
||
| 300 |
_a104 p.: _bill. ; _c15 cm. |
||
| 521 | _aBSBA | ||
| 650 | _aMarketing strategy. | ||
| 650 | _aLeadership. | ||
| 942 |
_cBK _2lcc _kFOR |
||
| 999 |
_c23035 _d23035 |
||